Normal view
MARC view
- আইন, বিচার ও সংসদ বিষয়ক মণত্রণালয়
Entry Personal Name
001 - CONTROL NUMBER
- control field: 5854
003 - CONTROL NUMBER IDENTIFIER
- control field: OSt
005 - DATE AND TIME OF LATEST TRANSACTION
- control field: 20240729112106.0
008 - FIXED-LENGTH DATA ELEMENTS
- fixed length control field: 240729|| aca||aabn | a|a d
040 ## - CATALOGING SOURCE
- Original cataloging agency: OSt
- Transcribing agency: OSt
100 ## - HEADING--PERSONAL NAME
- Personal name: আইন, বিচার ও সংসদ বিষয়ক মণত্রণালয়
670 ## - SOURCE DATA FOUND
- Source citation: Work cat.: (OSt)3392: 5852, গনপ্রজাতণ্ত্রী বাংলাদেশের সংবিধান/ , c2000
